| 000 | 00481cam a2200169 a 4500 | ||
|---|---|---|---|
| 020 | _a0716731363 | ||
| 040 | _cDLC | ||
| 082 | 0 | 0 | _a571 FRE 2000 A124 Co. |
| 245 | 0 | 0 | _aMolecular cell biology / |
| 250 | _a4th ed. | ||
| 260 |
_aNew York : _bW.H. Freeman, _cc2000. |
||
| 300 |
_axxxvi, 1084, G-17, I-36 p. : _bill. (some col.); _ccm. _e1 computer laser optical disc (4 3/4 in.) |
||
| 650 | 0 | _aCytology. | |
| 650 | 0 | _aMolecular biology. | |
| 700 | 1 | _aLodish, Harvey F. | |
| 942 | _cEK | ||
| 999 |
_c17213 _d17213 |
||